000 00560nam a22002057a 4500
003 DO-SdBNP
005 20171205110526.0
008 161031b 1985 sp 00| 0 spa d
020 _a8470350781
040 _aBPMSU
_bspa
_cBPMSU
082 _axxxx
_bxxxx
100 1 _aBaroja, Pio
245 1 0 _aDivagaciones apasionadas /
_cPio Baroja
260 _aMadrid :
_bCaro Raggio,
_c1985.
300 _a175 p. :
_c20 cm.
910 _a000144
942 _2ddc
_cBK
945 _aInventariado extranjero / 2017 VM
956 _2YLOCKWARD
_310
_8BPMSU
_aYngrid Lockward
999 _c12963
_d12963